UBT Library

Macroeconomics / (Record no. 45126)

000 -LEADER
fixed length control field 00696cam a2200241 a 4500
001 - CONTROL NUMBER
control field 17509355
005 - DATE AND TIME OF LATEST TRANSACTION
control field 20180315062927.0
008 - FIXED-LENGTH DATA ELEMENTS--GENERAL INFORMATION
fixed length control field 121026s2014 mau 001 0 eng
010 ## - LIBRARY OF CONGRESS CONTROL NUMBER
LC control number 2012042884
020 ## - INTERNATIONAL STANDARD BOOK NUMBER
International Standard Book Number 9780132992282
040 ## - CATALOGING SOURCE
Original cataloging agency DLC
Transcribing agency DLC
Modifying agency DLC
041 ## - LANGUAGE CODE
Language code of text/sound track or separate title eng
042 ## - AUTHENTICATION CODE
Authentication code pcc
043 ## - GEOGRAPHIC AREA CODE
Geographic area code n-us---
080 ## - UNIVERSAL DECIMAL CLASSIFICATION NUMBER
Universal Decimal Classification number 339 ABE
082 00 - DEWEY DECIMAL CLASSIFICATION NUMBER
Classification number 339 ABE
Edition number 23
100 1# - Rafti
Rafti 52
101 ## - Shkurtesa
Shkurtesa MAK
245 10 - TITLE STATEMENT
Title Macroeconomics /
Statement of responsibility, etc Andrew B. Abel, Ben S. Bernanke, Dean Croushore.
906 ## - LOCAL DATA ELEMENT F, LDF (RLIN)
a 7
b cbc
c orignew
d 1
e ecip
f 20
g y-gencatlg
942 ## - ADDED ENTRY ELEMENTS (KOHA)
Source of classification or shelving scheme
Item type Books
Holdings
Withdrawn status Lost status Source of classification or shelving scheme Damaged status Not for loan Collection code Permanent location Current location Shelving location Date acquired Total Checkouts Full call number Barcode Date last seen Price effective from Koha item type
          Koleksioni i përgjithshem UBT - Lipjan UBT - Lipjan Koleksioni i përgjithshem 03/15/2018   339 ABE 002-3001841 03/15/2018 03/15/2018 Books
UBT Library © 2015-2024. All rights reserved University Education for Business and Technology